[Event "SWE-chT 2122 Elite"]
[Site "Sweden"]
[Date "2022.05.14"]
[Round "8.1"]
[White "Janse, Love"]
[Black "Thornert, Hakan"]
[Result "1-0"]
[WhiteElo "2184"]
[BlackElo "2184"]
[PlyCount "219"]
[EventDate "2021.12.03"]
[EventType "team-tourn"]
[EventRounds "9"]
[EventCountry "SWE"]
[SourceTitle "EXT 2023"]
[Source "ChessBase"]
[SourceDate "2022.10.05"]
[SourceVersion "1"]
[SourceVersionDate "2022.10.05"]
[SourceQuality "1"]
[WhiteTeam "Vasteras"]
[BlackTeam "Eksjo"]
[WhiteTeamCountry "SWE"]
[BlackTeamCountry "SWE"]

1. e4 c5 2. Nc3 g6 3. f4 Bg7 4. Nf3 Nc6 5. Bb5 Nd4 6. 0-0 a6 7. Bd3 d6 8. Nxd4 cxd4 9. Ne2 Nf6 10. b3 Nd7 11. Qe1 Nc5 12. Qf2 f5 13. Ng3 Nxd3 14. cxd3 0-0 15. Bb2 Qb6 16. Rac1 Bd7 17. exf5 Bxf5 18. Nxf5 Rxf5 19. Qe2 e5 20. fxe5 Rxf1+ 21. Rxf1 dxe5 22. Qf3 Qe6 23. Qxb7 Rf8 24. Ba3 Rxf1+ 25. Kxf1 Qf7+ 26. Qxf7+ Kxf7 27. Ke2 Ke6 28. Kf3 Kd5 29. Bb4 Bf6 30. a4 Bd8 31. Bf8 Bg5 32. Ke2 Bd8 33. b4 Bc7 34. Kf3 Bd8 35. g3 Bg5 36. Ke2 Bd8 37. b5 axb5 38. axb5 Ba5 39. Bg7 Bc7 40. Kf3 Ba5 41. Bf6 Ke6 42. Bg5 Kd5 43. Be7 Bb6 44. Kg4 e4 45. dxe4+ Kxe4 46. Kg5 Kd3 47. Kh6 Kxd2 48. Kxh7 Ke2 49. Kxg6 d3 50. Bg5 Be3 51. Bxe3 Kxe3 52. b6 d2 53. b7 d1Q 54. b8Q Qc2+ 55. Kg5 Qxh2 56. Qf4+ Kd3 57. g4 Qh8 58. Qf6 Qa8 59. Kh6 Kd2 60. g5 Qh1+ 61. Kg7 Qb7+ 62. Qf7 Qb2+ 63. Kh7 Qb1+ 64. g6 Qh1+ 65. Kg7 Qa1+ 66. Qf6 Qa8 67. Qg5+ Kc2 68. Qf5+ Kd1 69. Qd7+ Kc1 70. Qc7+ Kd1 71. Qd6+ Kc1 72. Qc5+ Kd1 73. Qd4+ Kc1 74. Qg1+ Kd2 75. Qf2+ Kd1 76. Qf1+ Kd2 77. Qf4+ Kd1 78. Kh7 Qh1+ 79. Qh6 Qe4 80. Qh5+ Kc2 81. Qc5+ Kb1 82. Qg1+ Kc2 83. Qh2+ Kb1 84. Qh3 Kc2 85. Kg7 Qe5+ 86. Kh7 Qe4 87. Qh2+ Kb1 88. Qb8+ Kc2 89. Qc7+ Kb1 90. Kg7 Qd4+ 91. Kh7 Qe4 92. Kg7 Qd4+ 93. Kg8 Qd5+ 94. Kh8 Qa8+ 95. Kg7 Qe4 96. Qb6+ Kc2 97. Qc5+ Kb1 98. Kf6 Qh4+ 99. Qg5 Qd4+ 100. Qe5 Qb6+ 101. Kf5 Qf2+ 102. Qf4 Qc5+ 103. Kf6 Qf8+ 104. Kg5 Qd8+ 105. Kh5 Qh8+ 106. Kg4 Qg7 107. Qe4+ Ka2 108. Kg5 Ka3 109. Qf3+ Kb2 110. Qf6+ 1-0

[Event "SWE-chT 1819 Superettan"]
[Site "Sweden"]
[Date "2019.03.30"]
[Round "8"]
[White "Janse, Love"]
[Black "Franzen, Bo"]
[Result "1-0"]
[WhiteElo "2187"]
[BlackElo "1734"]
[PlyCount "51"]
[EventDate "2018.11.09"]
[EventType "team-tourn"]
[EventRounds "9"]
[EventCountry "SWE"]
[SourceTitle "EXT 2020"]
[Source "ChessBase"]
[SourceDate "2019.10.17"]
[SourceVersion "1"]
[SourceVersionDate "2019.10.17"]
[SourceQuality "1"]
[WhiteTeam "Vasteras II"]
[BlackTeam "Sodra"]
[WhiteTeamCountry "SWE"]
[BlackTeamCountry "SWE"]

1. e4 e5 2. Nc3 Bc5 3. f4 Bxg1 4. Rxg1 Qh4+ 5. g3 Qxh2 6. Rg2 Qh1 7. fxe5 d6 8. exd6 Nf6 9. d4 Bh3 10. dxc7 Na6 11. Rf2 Bg4 12. Qd3 Nxc7 13. Bf4 Rc8 14. Nb5 Nxb5 15. Qxb5+ Nd7 16. Kd2 0-0 17. Re1 Nf6 18. Bd3 Qh3 19. Qxb7 Bh5 20. e5 Bg6 21. Bxg6 hxg6 22. exf6 Qf5 23. c3 Qa5 24. fxg7 Rfd8 25. Be5 f5 26. Rh1 1-0

[Event "SWE-chT 1819 Superettan"]
[Site "Sweden"]
[Date "2019.01.12"]
[Round "4"]
[White "Eriksson, Daniel"]
[Black "Janse, Love"]
[Result "1-0"]
[WhiteElo "2161"]
[BlackElo "2187"]
[PlyCount "41"]
[EventDate "2018.11.09"]
[EventType "team-tourn"]
[EventRounds "9"]
[EventCountry "SWE"]
[SourceTitle "EXT 2020"]
[Source "ChessBase"]
[SourceDate "2019.10.17"]
[SourceVersion "1"]
[SourceVersionDate "2019.10.17"]
[SourceQuality "1"]
[WhiteTeam "Stockholm Rockaden II"]
[BlackTeam "Vasteras II"]
[WhiteTeamCountry "SWE"]
[BlackTeamCountry "SWE"]

1. e4 e6 2. d4 d5 3. e5 c5 4. c3 Nc6 5. Nf3 Bd7 6. Be2 f6 7. 0-0 Qc7 8. Bf4 Nge7 9. Re1 Ng6 10. Bg3 Qb6 11. Na3 cxd4 12. exf6 gxf6 13. Nb5 e5 14. cxd4 Bb4 15. dxe5 fxe5 16. Qxd5 Nce7 17. Qc4 Bxb5 18. Qxb4 Bxe2 19. Qxb6 Bxf3 20. Qf6 Bc6 21. Rad1 1-0

[Event "SWE-chT 1819 Superettan"]
[Site "Sweden"]
[Date "2018.11.10"]
[Round "2"]
[White "Lindberg, Bengt"]
[Black "Janse, Love"]
[Result "1-0"]
[WhiteElo "2390"]
[BlackElo "2187"]
[PlyCount "63"]
[EventDate "2018.11.09"]
[EventType "team-tourn"]
[EventRounds "9"]
[EventCountry "SWE"]
[SourceTitle "EXT 2020"]
[Source "ChessBase"]
[SourceDate "2019.10.17"]
[SourceVersion "1"]
[SourceVersionDate "2019.10.17"]
[SourceQuality "1"]
[WhiteTeam "Vaxjo"]
[BlackTeam "Vasteras II"]
[WhiteTeamCountry "SWE"]
[BlackTeamCountry "SWE"]

1. e4 e6 2. d4 d5 3. Nc3 Bb4 4. e5 c5 5. a3 Bxc3+ 6. bxc3 Qc7 7. Qg4 f5 8. Qg3 cxd4 9. cxd4 Ne7 10. Ne2 0-0 11. Bg5 Ng6 12. h4 f4 13. Qd3 b6 14. h5 Nxe5 15. Qc3 Qxc3+ 16. Nxc3 Nec6 17. 0-0-0 Rf5 18. Bh4 Rxh5 19. Be2 Rf5 20. Bg4 Rf8 21. Rhe1 h6 22. f3 g5 23. Bf2 Nd8 24. Nxd5 h5 25. Bh3 g4 26. Ne7+ Kf7 27. Nxc8 gxh3 28. Nd6+ Ke7 29. Nb5 a6 30. Nc7 Ra7 31. d5 Nd7 32. Bh4+ 1-0

[Event "Vasteras op"]
[Site "Vasteras"]
[Date "2018.09.29"]
[Round "6"]
[White "Lokander, Martin"]
[Black "Janse, Love"]
[Result "1-0"]
[WhiteElo "2384"]
[BlackElo "2214"]
[PlyCount "77"]
[EventDate "2018.09.28"]
[EventType "swiss"]
[EventRounds "8"]
[EventCountry "SWE"]
[SourceTitle "CBM 186 Extra"]
[Source "ChessBase"]
[SourceDate "2018.08.24"]
[SourceVersion "1"]
[SourceVersionDate "2018.08.24"]
[SourceQuality "1"]

1. d4 f5 2. Nc3 Nf6 3. Bg5 d5 4. f3 e6 5. e4 Be7 6. exf5 exf5 7. Bd3 Nc6 8. Nge2 h6 9. Be3 Be6 10. Nf4 Qd7 11. Ng6 Rg8 12. Bb5 Bf7 13. Ne5 Qe6 14. Ne2 g5 15. Qd2 Nd7 16. Nxf7 Kxf7 17. 0-0-0 a6 18. Bd3 Nb4 19. a3 Nxd3+ 20. Qxd3 Nb6 21. Kb1 Ke8 22. Rde1 f4 23. Bc1 Qg6 24. g3 Qxd3 25. cxd3 fxg3 26. hxg3 Rg6 27. g4 Kf7 28. Ng3 Rh8 29. Nf5 Bf6 30. f4 Nc8 31. fxg5 hxg5 32. Rh5 c6 33. Reh1 Re8 34. Rh7+ Bg7 35. R1h5 Re1 36. Kc2 Ne7 37. Bxg5 Ng8 38. Bd2 Rf1 39. Rg5 1-0

[Event "Vasteras op"]
[Site "Vasteras"]
[Date "2016.09.23"]
[Round "2"]
[White "Tari, Aryan"]
[Black "Janse, Love"]
[Result "1-0"]
[WhiteElo "2570"]
[BlackElo "2121"]
[PlyCount "57"]
[EventDate "2016.09.23"]
[EventType "swiss"]
[EventRounds "8"]
[EventCountry "SWE"]
[SourceTitle "CBM 174 Extra"]
[Source "ChessBase"]
[SourceDate "2016.10.10"]
[SourceVersion "1"]
[SourceVersionDate "2016.10.10"]
[SourceQuality "1"]

1. c4 f5 2. d4 Nf6 3. Nc3 d6 4. Bg5 Nbd7 5. e3 g6 6. Bd3 Bg7 7. Nge2 0-0 8. 0-0 c6 9. Nf4 Nb6 10. d5 Qe8 11. a4 e5 12. a5 exf4 13. axb6 fxe3 14. Bxe3 a6 15. Re1 Qd8 16. dxc6 bxc6 17. c5 dxc5 18. Bxc5 Re8 19. Bc4+ Kh8 20. Qxd8 Rxd8 21. Rad1 Rxd1 22. Rxd1 Bb7 23. f3 h6 24. Bf2 Kh7 25. Na4 Bf8 26. Nc5 Bxc5 27. Bxc5 Re8 28. Rd6 Rf8 29. Bd4 1-0

[Event "Rilton Cup 43rd"]
[Site "Stockholm"]
[Date "2013.12.30"]
[Round "4"]
[White "Gamback, Bjorn"]
[Black "Janse, Love"]
[Result "1-0"]
[WhiteElo "2142"]
[BlackElo "2190"]
[PlyCount "71"]
[EventDate "2013.12.27"]
[EventType "swiss"]
[EventRounds "9"]
[EventCountry "SWE"]
[SourceTitle "CBM 158 Extra"]
[Source "ChessBase"]
[SourceDate "2014.02.28"]
[SourceVersion "1"]
[SourceVersionDate "2014.02.28"]
[SourceQuality "1"]

1. d4 f5 2. Bg5 h6 3. Bh4 g5 4. e3 Nf6 5. Bg3 d6 6. h4 g4 7. h5 Be6 8. Bd3 Qd7 9. c4 Bf7 10. Qc2 e6 11. d5 Na6 12. dxe6 Bxe6 13. Ne2 Nb4 14. Qc3 Nxd3+ 15. Qxd3 Qc6 16. Nd2 Qxg2 17. 0-0-0 Qc6 18. Nd4 Qd7 19. e4 0-0-0 20. Bh4 Bg7 21. exf5 Bf7 22. Ne4 Nxe4 23. Qxe4 Rde8 24. Qxg4 Bxc4 25. Rhe1 Bxa2 26. Ne6 Qc6+ 27. Kd2 Bxb2 28. Qb4 Qd5+ 29. Kc2 Qxf5+ 30. Kxb2 Bxe6 31. Rc1 a6 32. Ka1 Rhg8 33. Bg3 Rg4 34. Rxc7+ Kd8 35. Qxd6+ Bd7 36. Rc8+ 1-0

[Event "Norrkoeping Easter op"]
[Site "Norrkoeping"]
[Date "2012.04.06"]
[Round "3"]
[White "Janse, Love"]
[Black "Ulybin, Mikhail"]
[Result "0-1"]
[WhiteElo "2151"]
[BlackElo "2515"]
[PlyCount "48"]
[EventDate "2012.04.06"]
[EventType "swiss"]
[EventRounds "8"]
[EventCountry "SWE"]
[SourceTitle "CBM 147 Extra"]
[Source "ChessBase"]
[SourceDate "2012.04.24"]
[SourceVersion "1"]
[SourceVersionDate "2012.04.24"]
[SourceQuality "1"]

1. e4 e6 2. d3 d5 3. Qe2 Nc6 4. Nf3 e5 5. exd5 Qxd5 6. Nc3 Bb4 7. h3 Nf6 8. Bd2 Bxc3 9. Bxc3 0-0 10. Qe3 Re8 11. Be2 Qd6 12. g4 Bd7 13. Ng5 Nd4 14. 0-0-0 Nd5 15. Qe4 f5 16. gxf5 Bxf5 17. Bxd4 Bxe4 18. Nxe4 Qa6 19. Bc3 Qxa2 20. Rhg1 Qa1+ 21. Kd2 Qa6 22. Rg5 Nxc3 23. bxc3 Re7 24. Rdg1 Rf8 0-1

[Event "SWE-chC op"]
[Site "Lund"]
[Date "2010.07.09"]
[Round "7"]
[White "Nilsson, Victor"]
[Black "Janse, Love"]
[Result "1/2-1/2"]
[WhiteElo "2133"]
[BlackElo "2137"]
[PlyCount "113"]
[EventDate "2010.07.03"]
[EventType "swiss"]
[EventRounds "9"]
[EventCountry "SWE"]
[SourceTitle "CBM 137 Extra"]
[Source "ChessBase"]
[SourceDate "2010.09.01"]
[SourceVersion "1"]
[SourceVersionDate "2010.09.01"]
[SourceQuality "1"]

1. d4 f5 2. Nf3 Nf6 3. g3 g6 4. Bg2 Bg7 5. 0-0 0-0 6. c4 d6 7. b3 c6 8. Bb2 Na6 9. Nbd2 e5 10. dxe5 Nd7 11. e4 f4 12. b4 dxe5 13. c5 Qe7 14. Nc4 Kh8 15. a3 g5 16. Qd6 Qxd6 17. cxd6 g4 18. Nfxe5 f3 19. Nxg4 fxg2 20. Kxg2 b5 21. Bxg7+ Kxg7 22. Nd2 c5 23. bxc5 Naxc5 24. Ne3 Ne5 25. f4 Nc4 26. Nexc4 bxc4 27. Rac1 Ba6 28. Rfd1 Rac8 29. Kf3 Rfd8 30. e5 Nd3 31. Rc3 Nb2 32. Rdc1 Na4 33. Re3 c3 34. Ne4 Bb7 35. Ke2 c2 36. Ng5 Bd5 37. Kd2 h6 38. Nh3 Nb6 39. Rc3 Be4 40. Nf2 Bh7 41. Nd3 Rxc3 42. Kxc3 Rc8+ 43. Kd2 Nc4+ 44. Ke2 Nxa3 45. g4 Nb5 46. f5 Nd4+ 47. Ke3 Nxf5+ 48. gxf5 Bxf5 49. Kd2 Kf7 50. Rxc2 Rxc2+ 51. Kxc2 Ke6 52. Kc3 Kd5 53. Kb4 Kd4 54. Nc5 Kxe5 55. d7 Bxd7 56. Nxd7+ Kf4 57. Kc4 1/2-1/2

[Event "Norrkoeping Easter op"]
[Site "Norrkoeping"]
[Date "2010.04.04"]
[Round "7"]
[White "Rantanen, Yrjo A"]
[Black "Janse, Love"]
[Result "1-0"]
[WhiteElo "2361"]
[BlackElo "2141"]
[PlyCount "39"]
[EventDate "2010.04.02"]
[EventType "swiss"]
[EventRounds "8"]
[EventCountry "SWE"]
[SourceTitle "CBM 135 Extra"]
[Source "ChessBase"]
[SourceDate "2010.05.04"]
[SourceVersion "1"]
[SourceVersionDate "2010.05.04"]
[SourceQuality "1"]

1. e4 g6 2. d4 d6 3. Nc3 c6 4. a4 e5 5. Nf3 Bg7 6. Be3 Nd7 7. dxe5 dxe5 8. Nd2 Ngf6 9. Nc4 0-0 10. a5 Qe7 11. f3 Rd8 12. Qd2 Nb6 13. Qf2 Nxc4 14. Bxc4 Bf8 15. 0-0 Bd7 16. Kh1 c5 17. Bg5 Be6 18. Nd5 Bxd5 19. Bxd5 Rd7 20. a6 1-0

[Event "Norrkoeping Easter op"]
[Site "Norrkoeping"]
[Date "2010.04.03"]
[Round "5"]
[White "Vestlin, Anders"]
[Black "Janse, Love"]
[Result "0-1"]
[WhiteElo "1998"]
[BlackElo "2141"]
[PlyCount "124"]
[EventDate "2010.04.02"]
[EventType "swiss"]
[EventRounds "8"]
[EventCountry "SWE"]
[SourceTitle "CBM 135 Extra"]
[Source "ChessBase"]
[SourceDate "2010.05.04"]
[SourceVersion "1"]
[SourceVersionDate "2010.05.04"]
[SourceQuality "1"]

1. Nf3 f5 2. c4 Nf6 3. g3 g6 4. Bg2 Bg7 5. 0-0 0-0 6. Nc3 d6 7. d3 e5 8. Bg5 h6 9. Bxf6 Qxf6 10. Rc1 g5 11. Nd2 c6 12. b4 f4 13. Qb3 Qf7 14. Nde4 Rd8 15. b5 Be6 16. Rb1 Rd7 17. Qa4 Bf8 18. Rb2 d5 19. bxc6 bxc6 20. Nd2 Bc5 21. Nb3 Bb6 22. c5 Bd8 23. Na5 Rc7 24. Rxb8 Rxb8 25. Nxc6 Rxc6 26. Qxc6 Rc8 27. Qb5 Bf6 28. c6 e4 29. Na4 Bd4 30. Nc5 f3 31. Nxe6 fxg2 32. Nxd4 gxf1Q+ 33. Kxf1 Rf8 34. f3 exf3 35. exf3 Rd8 36. Qc5 a6 37. Kg2 Kh7 38. Nf5 Rb8 39. Qe7 Rb2+ 40. Kh3 Qxe7 41. Nxe7 Rc2 42. Kg4 Kg7 43. Nf5+ Kf6 44. Ne3 Rxc6 45. Nxd5+ Ke5 46. Ne3 Kf6 47. Kh5 Re6 48. Ng4+ Kg7 49. h3 Rd6 50. d4 a5 51. Ne3 Kh7 52. Nf5 Rd5 53. g4 a4 54. a3 Rd7 55. h4 gxh4 56. Kxh4 Kg6 57. Kg3 Rb7 58. Nd6 Rb3 59. Nc4 Rc3 60. Ne5+ Kf6 61. Kf4 Rxa3 62. Ke4 Rc3 0-1

[Event "Rilton Cup 39th"]
[Site "Stockholm"]
[Date "2009.12.27"]
[Round "1"]
[White "Gagarin, Vasilij"]
[Black "Janse, Love"]
[Result "1-0"]
[WhiteElo "2422"]
[BlackElo "2141"]
[PlyCount "83"]
[EventDate "2009.12.27"]
[EventType "swiss"]
[EventRounds "9"]
[EventCountry "SWE"]
[SourceTitle "CBM 134 Extra"]
[Source "ChessBase"]
[SourceDate "2010.03.03"]
[SourceVersion "1"]
[SourceVersionDate "2010.03.03"]
[SourceQuality "1"]

1. d4 f5 2. g3 Nf6 3. Bg2 d6 4. Nf3 g6 5. b4 Bg7 6. Bb2 0-0 7. Nbd2 Qe8 8. c4 e5 9. dxe5 Ng4 10. Qb3 dxe5 11. h3 Nh6 12. 0-0 Nd7 13. c5+ Nf7 14. Ng5 Nf6 15. Ndf3 Nh5 16. Nxf7 Qxf7 17. Bxe5 Qxb3 18. axb3 Bxe5 19. Nxe5 Re8 20. Nc6 bxc6 21. Bxc6 Be6 22. Bxe8 Rxe8 23. Rxa7 c6 24. Rd1 Bxb3 25. Rd6 Ng7 26. Rxc6 Rxe2 27. Rc8+ Ne8 28. Ra1 Kf7 29. b5 Be6 30. Rb8 Rc2 31. c6 Nd6 32. f3 Rc5 33. Rb1 Bd5 34. Kf2 f4 35. gxf4 Nf5 36. Rb2 Rc3 37. Rd8 Rxf3+ 38. Ke1 Ne7 39. c7 Bb7 40. Rb8 Bc8 41. b6 Rc3 42. Rxc8 1-0

[Event "SWE-chB"]
[Site "Kungsor"]
[Date "2009.07.02"]
[Round "5"]
[White "Eriksson, Anders"]
[Black "Janse, Love"]
[Result "1-0"]
[WhiteElo "2346"]
[BlackElo "2142"]
[PlyCount "113"]
[EventDate "2009.06.28"]
[EventType "tourn"]
[EventRounds "13"]
[EventCountry "SWE"]
[SourceTitle "EXT 2024"]
[Source "ChessBase"]
[SourceDate "2023.10.10"]
[SourceVersion "1"]
[SourceVersionDate "2023.10.10"]
[SourceQuality "1"]

1. c4 f5 2. Nf3 Nf6 3. g3 g6 4. Bg2 Bg7 5. 0-0 0-0 6. Nc3 d6 7. d3 e5 8. e4 Nc6 9. exf5 gxf5 10. Re1 Ne7 11. c5 Ng6 12. cxd6 cxd6 13. d4 e4 14. Qb3+ d5 15. Ne5 b6 16. f4 Be6 17. Bd2 Nxe5 18. dxe5 Nd7 19. Nb5 Nc5 20. Qe3 Bd7 21. Nd4 Ne6 22. Bb4 Rf7 23. Bf1 Bf8 24. Bxf8 Qxf8 25. Red1 Rc8 26. Rd2 Qc5 27. Be2 Nxd4 28. Rxd4 Bb5 29. Rad1 Bxe2 30. Qxe2 Rd7 31. Qh5 Rf7 32. b4 Qc2 33. Rxd5 Rc6 34. R5d2 Qc4 35. Qg5+ Rg6 36. Qd8+ Rf8 37. Qd5+ Qxd5 38. Rxd5 Rc6 39. Kf2 Rc2+ 40. R5d2 Rfc8 41. Ke2 Kf7 42. Rxc2 Rxc2+ 43. Rd2 Rc7 44. Rd6 Rc2+ 45. Ke3 Rxa2 46. Rf6+ Ke7 47. Rxf5 Rxh2 48. Kxe4 Re2+ 49. Kf3 Rh2 50. Rf6 h6 51. b5 h5 52. Rh6 Rb2 53. Rxh5 Rxb5 54. Rh7+ Ke6 55. Rxa7 Rb1 56. Kg4 b5 57. Ra6+ 1-0

[Event "SWE-chB"]
[Site "Kungsor"]
[Date "2009.06.28"]
[Round "1"]
[White "Nygren, David"]
[Black "Janse, Love"]
[Result "1-0"]
[WhiteElo "2144"]
[BlackElo "2142"]
[PlyCount "45"]
[EventDate "2009.06.28"]
[EventType "tourn"]
[EventRounds "13"]
[EventCountry "SWE"]
[SourceTitle "EXT 2024"]
[Source "ChessBase"]
[SourceDate "2023.10.10"]
[SourceVersion "1"]
[SourceVersionDate "2023.10.10"]
[SourceQuality "1"]

1. e4 g6 2. d4 d6 3. Nc3 c6 4. Be3 Bg7 5. Qd2 Nd7 6. f4 e5 7. fxe5 dxe5 8. Nf3 exd4 9. Bxd4 Ngf6 10. e5 Qe7 11. Bc4 c5 12. 0-0 cxd4 13. exf6 Nxf6 14. Rae1 Be6 15. Bb5+ Nd7 16. Nxd4 Qc5 17. Bxd7+ Kxd7 18. Rf4 Bh6 19. Ne4 Qb6 20. Nf6+ Kc7 21. Qc3+ Kd8 22. Rf2 Qd6 23. Ne4 1-0

[Event "Rilton Cup 38th"]
[Site "Stockholm"]
[Date "2009.01.03"]
[Round "7"]
[White "Janse, Love"]
[Black "Meskovs, Nikita"]
[Result "0-1"]
[WhiteElo "2132"]
[BlackElo "2247"]
[PlyCount "40"]
[EventDate "2008.12.27"]
[EventType "swiss"]
[EventRounds "9"]
[EventCountry "SWE"]
[SourceTitle "CBM 128 Extra"]
[Source "ChessBase"]
[SourceDate "2009.03.05"]
[SourceVersion "2"]
[SourceVersionDate "2009.03.25"]
[SourceQuality "1"]

1. e4 c5 2. f4 g6 3. Nf3 Bg7 4. Nc3 a6 5. d3 Nc6 6. Be3 d6 7. g3 Nf6 8. Bg2 Qb6 9. Qc1 e6 10. h3 d5 11. Bf2 d4 12. Ne2 Qa5+ 13. Nd2 e5 14. 0-0 Be6 15. Nf3 h6 16. a3 Qc7 17. Be1 Nd7 18. Nh4 g5 19. fxg5 hxg5 20. Qxg5 Bh6 0-1